| 000 | 00628nam a2200229Ia 4500 | ||
|---|---|---|---|
| 008 | 160819s9999 xx 000 0 und d | ||
| 020 | _a978-0-06-231050-7 | ||
| 050 | _aFIC F18p | ||
| 050 | _b2015 | ||
| 100 | _aFalkoff, Michelle. | ||
| 245 | _aPlaylist for the dead / | ||
| 245 | _cMichelle Falkoff. | ||
| 260 | _aNew York : | ||
| 260 | _bHarperTeen an imprint of HarperCollins Publishers, | ||
| 260 | _c2015 | ||
| 300 | _a281 pages : | ||
| 300 | _c22 cm. | ||
| 650 | _aFriendship -- Fiction. | ||
| 650 | _aSuicide -- Fiction. | ||
| 650 | _xComing of age -- Fiction. | ||
| 650 | _xLoss (Psychology) -- Fiction. | ||
| 999 |
_c300637 _d300637 |
||